000 00352nam a22001337a 4500
005 20250716172107.0
008 250716b |||||||| |||| 00| 0 eng d
020 _a6911646
050 _aBS 2616
_bGUT
245 _aPLAIN TALK ON JOHN
_cGUTZKE, MANFORD GEORGE
260 _aMICHIGAN
_bZONDERVAN PUBLISHING
_cc1973
300 _a212p.;
942 _2lcc
_cBK
_n0
999 _c7015
_d7015